000 01228nam a2200301Ia 4500
008 130821s2006 ck a gr spa
020 _a958 8205 84 0
040 _aCo-BoUCM
_bspa
041 0 0 _aspa
245 0 0 _aEstado del arte de la economía solidaria en Bogotá
_cDeisy Arias Arias...[et al.] ; directora Luz Patricia Pardo Martínez
260 _aBogotá (Colombia)
_bUniversidad Colegio Mayor de Cundinamarca
_c2006
300 _a114 páginas
_bgráficas, tablas
490 0 _aColección Economía Solidaria
504 _aIncluye bibliografía e índice de tablas y gráficas.
650 _aAsociaciones
_99667
650 _aCooperativismo
_zBogotá (Colombia)
_911985
650 _aEconomía
_9174
650 _aSindicatos
_924445
700 1 _aArias Arias, Deisy
_9170173
700 1 _aBonilla Salgado, Diana Katerine
_9170174
700 1 _aCortés Perdomo, Daisy Adriana
_9170175
700 1 _aHernández Toro, Olga Lucía
_9170176
700 1 _aPardo Martínez, Luz Patricia
_edir.
_9170177
710 2 _aUniversidad Colegio Mayor de Cundinamarca
_94700
710 2 _aUniversidad Cooperativa de Colombia
_94702
942 _cLIBRO
_a7
_e1
_mE792
_2DEWEY
_h334.09861
999 _c79086
_d79086